000 00392nam a2200145Ia 4500
008 230312s9999||||xx |||||||||||||| ||und||
020 _a9781119679073
082 _a657.904
_bRIN-Q
100 _aKing,Julie,Adair
245 0 _aDigital photography for dummies
260 _bWiley
_aUSA
_c2021
300 _a479
650 _aComputer
_vSmall business Accounting Computer programs
942 _cBK
999 _c18185
_d18185